000 00553nam a2200181 a 4500
001 000021191
005 20200930011246.0
008 100901s1999 pr r 000 0 spa d
020 _a1563281414
040 _aDO-SdBNP
_bspa
_cBNPHU
082 _a651.75
_bH557s
100 1 _aHernández Torres, Carmen N.,
_944299
245 1 0 _aSin posdata :
_bmanual de redacción comercial /
_cCarmen N. González Torres.
260 _aSan Juan, Puerto Rico :
_bPlaza Mayor,
_c1999.
300 _a316 p. ;
_c27 cm.
650 4 _aArte epístolar
_944300
049 _aBNGR
999 _c20692
_d20692